Logo BPK

Biblioteka

Politechniki Koszalińskiej

Polevye matody v teorii ferromagnetizma / (Rekord nr 26512)

Szczegóły MARC
000 -ETYKIETA REKORDU
podpole kontrolne o stałej długości 00422nam a2200157 i 4500
001 - NUMER KONTROLNY REKORDU
pole kontrolne bg
040 ## - ŹRÓDŁO KATALOGOWANIA
Instytucja, która utworzyła rekord BPK
041 ## - KOD JĘZYKA
Kod języka tekstu pol
008 - POLE O STAŁEJ DŁUGOŚCI - DANE KONTROLNE
podpole kontrolne o stałej długości s pl f |000 0 pol
100 1# - NAZWA OSOBOWA
Nazwa osobowa IZUMOV, Urij. A.
245 #0 - TYTUŁ/ODPOWIEDZIALNOŚĆ
Tytuł Polevye matody v teorii ferromagnetizma /
Pozostałe elementy strefy tytułu i oznaczenia odpowiedzialności Ju.A. Izjumov, F.A. Kassan-Ogly, Ju.N. Skrjabin.
260 ## - STREFA ADRESU WYDAWNICZEGO
Miejsce wydania Moskva,
Data publikacji, dystrybucji/powstania dokumentu 1974.
700 1# - HASŁO DODATKOWE - NAZWA OSOBOWA
Nazwa osobowa KASSAN-OGLY, F. A.
700 1# - HASŁO DODATKOWE - NAZWA OSOBOWA
Nazwa osobowa SKRJABIN, Ju. N.
856 ## - LOKALIZACJA I DOSTĘP DO ELEKTRONICZNYCH DOKUMENTÓW ZDALNYCH
Link (URL) http://koha.tu.koszalin.pl/cgi-bin/koha/opac-detail.pl?biblionumber=26512
Tekst linku Katalog online BPK
942 ## - DODATKOWE ELEMENTY (KOHA)
Typ dokumentu Książka
Egzemplarze
Wycofany Status egzemplarza Uszkodzony Dostępność Lokalizacja stała Lokalizacja bieżąca Numer ubytku Sygnatura Kod kreskowy Typ dokumentu Miejsce przechowywania
  Egz. niedostępny   Niedostępny Biblioteka Politechniki Koszalińskiej Biblioteka Politechniki Koszalińskiej 11749 17925 01715347 Książka  
      Dostępny Biblioteka Politechniki Koszalińskiej Biblioteka Politechniki Koszalińskiej   17926 01715354 Książka Wypożyczalnia BG
© 2023 Biblioteka Politechniki Koszalińskiej :: KOHA